000 00357nam a2200157Ia 4500
003 Ost
005 20260225132542.0
008 260225s9999||||xx |||||||||||||| ||und||
040 _cfsic
041 _afre
082 _a70
100 _aJean-Jaques Rousseau
_eAuteur
245 0 _aDialogues reveries /
245 0 _cJean-Jaques Rousseau
942 _cكتاب
999 _c33554
_d33554